[Event "Mechanics' Peter Grey TNM; 30/90, SD/30"]
[Site "San Francisco"]
[Date "2010.09.21"]
[Round "8.21"]
[White "Chalissery, Jossy"]
[Black "James, Charles"]
[Result "1-0"]
[WhiteElo "1689"]
[BlackElo "1383"]
[PlyCount "87"]
[EventDate "2010.??.??"]

1. b3 e5 2. Bb2 Nc6 3. e3 Nf6 4. Bb5 a6 5. Bxc6 dxc6 6. Bxe5 Bd6 7. Bb2 O-O 8.
Ne2 c5 9. c4 Bf5 10. O-O Bxh2+ 11. Kh1 Bd6 12. d3 Ng4 13. g3 Qg5 14. Kg2 Bd7
15. e4 f5 16. Qd2 f4 17. Ng1 Qh6 (17... Ne3+ $1 18. fxe3 Qxg3+ 19. Kh1 fxe3 20.
Qg2 Qh4+ 21. Nh3 Rxf1+ 22. Qxf1 Bxh3) 18. Nf3 Ne3+ 19. fxe3 Qh3+ 20. Kg1 Qxg3+
21. Qg2 Bh3 22. Qxg3 fxg3 23. Nbd2 g2 24. Rf2 Bg3 25. Re2 h6 26. Rxg2 Bxg2 27.
Kxg2 Bd6 28. Rg1 Rae8 29. d4 Re6 30. d5 Rg6+ 31. Kf2 Rxg1 32. Kxg1 g5 33. e5
Be7 34. e6 h5 35. Be5 g4 36. Ne1 Bg5 37. Ng2 Bd8 38. Ne4 Rf5 39. Bf4 Kf8 40.
Nxc5 c6 41. Nxb7 Bb6 42. c5 Bxc5 43. Nxc5 Rxd5 44. Kf1 1-0

[Event "Mechanics' Peter Grey TNM; 30/90, SD/30"]
[Site "San Francisco"]
[Date "2010.08.24"]
[Round "4.23"]
[White "Chalissery, Jossy"]
[Black "Rakonitz, David"]
[Result "1-0"]
[WhiteElo "1689"]
[BlackElo "1377"]
[PlyCount "124"]
[EventDate "2010.??.??"]

1. b3 Nf6 2. Bb2 e6 3. e3 b6 4. Nf3 Bb7 5. c4 c5 6. Nc3 Be7 7. Bd3 d6 8. O-O
Nbd7 9. Re1 Ng4 10. h3 Nge5 11. Nxe5 Nxe5 12. Be2 O-O 13. d4 cxd4 14. exd4 Ng6
15. d5 e5 16. Qc2 Bc8 17. Bf3 f5 18. g3 Bd7 19. a4 a6 20. Na2 Qc8 21. Nb4 f4
22. Be4 Bf5 23. Bxf5 Qxf5 24. Qxf5 Rxf5 25. Nc6 fxg3 26. fxg3 Raf8 27. Rf1 Rf3
28. Kg2 Rxb3 29. Nxe7+ Nxe7 30. Rxf8+ Kxf8 31. Ra2 Nc8 32. h4 Rb4 33. a5 b5 34.
c5 dxc5 35. Bxe5 g6 36. d6 Ke8 37. Rf2 Re4 38. Bf4 Rd4 39. Be5 Rd5 40. Bg7 Rxd6
41. Rf8+ Kd7 42. Rf7+ Ke6 43. Rf6+ Kd5 44. Rf8 Rc6 45. Bh6 Ne7 46. Rd8+ Rd6 47.
Re8 Nf5 48. Bf4 Re6 49. Rd8+ Ke4 50. Rd1 Nxh4+ 51. gxh4 Kxf4 52. Rf1+ Ke5 53.
Re1+ Kd6 54. Rd1+ Kc6 55. Rd8 Kc7 56. Rh8 h5 57. Rh7+ Kd6 58. Rb7 Kd5 59. Rd7+
Rd6 60. Re7 c4 61. Re1 Kc5 62. Rc1 Kb4 {W won on time} 1-0

[Event "Mechanics' Peter Grey TNM; 30/90, SD/30"]
[Site "San Francisco"]
[Date "2010.08.17"]
[Round "3.9"]
[White "Chamberlain, Ethan"]
[Black "Chen, Mingson"]
[Result "1-0"]
[WhiteElo "1703"]
[BlackElo "1911"]
[PlyCount "117"]
[EventDate "2010.??.??"]

1. b4 d5 2. Bb2 Bg4 3. Nf3 Nd7 4. e3 e6 5. c4 c6 6. Be2 Ngf6 7. a3 Bd6 8. c5
Bc7 9. O-O O-O 10. Nc3 e5 11. Ng5 Bf5 12. Nf3 h6 13. d3 Qe7 14. Qc2 Rfe8 15. e4
Bh7 16. Nd2 d4 17. Nd1 g5 18. Nc4 Nf8 19. f3 Ne6 20. Nf2 Nd7 21. a4 Bg6 22. a5
Rac8 23. Qd2 Kh7 24. Bd1 Rf8 25. Bb3 Rcd8 26. Rfc1 f6 27. a6 b6 28. cxb6 axb6
29. Ba3 Bf7 30. b5 c5 31. Ra2 Rfe8 32. Kf1 Ra8 33. Ke1 Ra7 34. Kd1 Rc8 35. Kc2
Be8 36. Rb2 Ndf8 37. Rh1 Kg7 38. Ba2 Nd7 39. Rbb1 Bd8 40. h4 Bf7 41. hxg5 fxg5
42. Ng4 h5 43. Ngxe5 Nxe5 44. Nxe5 Be8 45. Bxe6 Qxe6 46. Nc4 Bg6 47. Bc1 Be7
48. Qf2 Bd8 49. Bd2 Rf7 50. Ra1 Ra8 51. Qg3 h4 52. Qe5+ Qxe5 53. Nxe5 Rc7 54.
Nxg6 Kxg6 55. Kb3 c4+ 56. dxc4 Be7 57. f4 g4 58. f5+ Kh5 59. e5 1-0

[Event "Mechanics' Peter Grey TNM; 30/90, SD/30"]
[Site "San Francisco"]
[Date "2010.09.28"]
[Round "9.7"]
[White "Chamberlain, Ethan"]
[Black "Urquhart, Joe"]
[Result "1-0"]
[WhiteElo "1703"]
[BlackElo "2028"]
[PlyCount "41"]
[EventDate "2010.??.??"]

1. e4 d6 2. d4 Nf6 3. Nc3 g6 4. f4 Bg7 5. Nf3 Bg4 6. h3 Bxf3 7. Qxf3 c6 8. Be3
e6 9. O-O-O d5 10. e5 Ng8 11. g4 Ne7 12. Bd3 Rf8 13. f5 f6 14. g5 fxe5 15. f6
e4 16. Bxe4 dxe4 17. Qxe4 Rf7 18. Qxe6 Qd7 19. Qe5 Qf5 20. Rdf1 Bxf6 21. gxf6
1-0

[Event "Mechanics' Peter Grey TNM; 30/90, SD/30"]
[Site "San Francisco"]
[Date "2010.08.24"]
[Round "4.5"]
[White "Chamberlain, Ethan"]
[Black "Zavadsky, Peter"]
[Result "0-1"]
[WhiteElo "1703"]
[BlackElo "2251"]
[PlyCount "78"]
[EventDate "2010.??.??"]

1. e4 d6 2. d4 g6 3. Bg5 Bg7 4. Nf3 c5 5. c3 cxd4 6. cxd4 Bg4 7. Qa4+ Bd7 8.
Qb3 Qb6 9. Bc4 Qxb3 10. axb3 Nc6 11. Be3 Nb4 12. Kd2 Nf6 13. Nc3 O-O 14. h3 b5
15. Be2 a6 16. d5 e6 17. dxe6 fxe6 18. Nd4 e5 19. Nc2 Nxc2 20. Kxc2 Rfc8 21.
Kd3 b4 22. Na4 Bb5+ 23. Kd2 Nxe4+ 24. Ke1 Rc2 25. Bd1 Rc7 26. Nb6 Re8 27. Nd5
Rcc8 28. Nxb4 Nc5 29. Bg4 Rb8 30. Bxc5 dxc5 31. Nd5 h5 32. Be2 Bxe2 33. Kxe2
Rxb3 34. Rxa6 Rxb2+ 35. Ke3 Reb8 36. Rxg6 Kf7 37. Rc6 R8b3+ 38. Ke4 Re2+ 39.
Kf5 Rxf2+ 0-1

[Event "Mechanics' Peter Grey TNM; 30/90, SD/30"]
[Site "San Francisco"]
[Date "2010.08.10"]
[Round "2.15"]
[White "Chen, Mingson"]
[Black "Chadwick, Richard"]
[Result "1-0"]
[WhiteElo "1911"]
[BlackElo "1687"]
[PlyCount "51"]
[EventDate "2010.??.??"]

1. b3 d5 2. e3 Nc6 3. Bb2 Nf6 4. Nf3 Bf5 5. Bb5 a6 6. Bxc6+ bxc6 7. Ne5 Bd7 8.
O-O c5 9. d3 e6 10. Nd2 Bd6 11. f4 Qe7 12. Qe2 Rg8 13. e4 g6 14. Nxd7 Nxd7 15.
e5 Bxe5 16. fxe5 d4 17. Rae1 Rf8 18. c3 dxc3 19. Bxc3 a5 20. Qe4 Nb6 21. Nc4
Qd8 22. Qc6+ Nd7 23. d4 Qc8 24. dxc5 Ke7 25. Rd1 Ra6 26. Rxd7+ 1-0

[Event "Mechanics' Peter Grey TNM; 30/90, SD/30"]
[Site "San Francisco"]
[Date "2010.08.31"]
[Round "5.16"]
[White "Chen, Mingson"]
[Black "Chalissery, Jossy"]
[Result "1-0"]
[WhiteElo "1911"]
[BlackElo "1689"]
[PlyCount "69"]
[EventDate "2010.??.??"]

1. c4 b6 2. Nc3 Bb7 3. d4 e6 4. a3 f5 5. d5 Be7 6. Nf3 Bf6 7. Bd2 Ne7 8. Qc2
O-O 9. O-O-O exd5 10. cxd5 d6 11. e4 fxe4 12. Qxe4 Ng6 13. Bd3 Bc8 14. Nd4 Bxd4
15. Qxd4 Qf6 16. Qxf6 Rxf6 17. Ne4 Rf8 18. Ng5 a5 19. Ne6 Bxe6 20. dxe6 Re8 21.
f4 Kh8 22. Rhf1 c6 23. Bc3 Ne7 24. Rde1 Na6 25. f5 Nd5 26. Bd2 Nc5 27. Bc2 a4
28. g4 Nb3+ 29. Bxb3 axb3 30. Rf3 c5 31. Rxb3 Ra6 32. Rd3 Nc7 33. Rxd6 Nb5 34.
Rd7 Nd4 35. Bc3 1-0

[Event "Mechanics' Peter Grey TNM; 30/90, SD/30"]
[Site "San Francisco"]
[Date "2010.09.07"]
[Round "6.7"]
[White "Chen, Mingson"]
[Black "Shakhnazarov, Oleg"]
[Result "0-1"]
[WhiteElo "1911"]
[BlackElo "2175"]
[PlyCount "86"]
[EventDate "2010.??.??"]

1. c4 e6 2. d4 Be7 3. Nf3 d6 4. Nc3 g5 5. h3 Nd7 6. e3 h5 7. Be2 c6 8. Qc2 Nh6
9. g3 e5 10. dxe5 dxe5 11. e4 g4 12. hxg4 Nxg4 13. Nh4 Qb6 14. Nd1 Ndf6 15. f3
Bb4+ 16. Kf1 Nh6 17. a3 Be7 18. Be3 Qc7 19. Qd2 {There is no question who is
in control. Ming has completely outplayed Oleg and now proceeds to increase
his advantage.} Nhg8 20. Nc3 Be6 21. Rd1 Rd8 22. Qc1 Rd4 23. Kg2 Rh7 24. Rxd4
exd4 25. Bxd4 Rg7 26. f4 c5 27. Be5 Qb6 28. Nd5 Qc6 29. Bf3 Bg4 30. Qe3 Qa4 31.
b3 Qc6 32. Nxe7 Nxe7 33. Rd1 Bxf3+ 34. Nxf3 Ng4 35. Qd3 f6 36. Bc3 Kf7 37. Nh4
Rg8 38. Qf3 f5 39. Rd5 Nxd5 40. cxd5 Qb6 41. Nxf5 c4 42. b4 h4 43. Kh3 $4 (43.
Bd4 Qa6 44. e5 {was winning but Ming's flag was about to fall.}) 43... Qg1 {
A very narrow escape by Oleg.} 0-1

[Event "Mechanics' Peter Grey TNM; 30/90, SD/30"]
[Site "San Francisco"]
[Date "2010.08.24"]
[Round "4.17"]
[White "Chernobilskiy, Mikhail"]
[Black "Mar, Henry"]
[Result "1-0"]
[WhiteElo "1845"]
[BlackElo "1562"]
[PlyCount "75"]
[EventDate "2010.??.??"]

1. c4 Nf6 2. Nc3 e6 3. d4 d5 4. Bg5 Be7 5. e3 h6 6. Bh4 b6 7. Nf3 Ba6 8. Qb3
O-O 9. O-O-O c5 10. cxd5 Bxf1 11. Rhxf1 exd5 12. Bxf6 Bxf6 13. Qxd5 Qxd5 14.
Nxd5 Nd7 15. dxc5 Rac8 16. Nxf6+ Nxf6 17. Kb1 Rxc5 18. Nd4 Rfc8 19. h3 Ne4 20.
f3 Nf6 21. Rc1 Nd5 22. Nf5 Kh7 23. Rxc5 Rxc5 24. e4 Nf4 25. Ne3 Ne2 26. Re1 Nf4
27. Rc1 Ne6 28. Rxc5 Nxc5 29. b4 Nd3 30. a3 Kg6 31. Kc2 Nf4 32. Kc3 Ne6 33. Kc4
Nc7 34. Nd5 Nxd5 35. exd5 Kf6 36. Kb5 Ke7 37. Kc6 g6 38. Kc7 1-0

[Event "Mechanics' Peter Grey TNM; 30/90, SD/30"]
[Site "San Francisco"]
[Date "2010.08.24"]
[Round "4.18"]
[White "Cole, Tony"]
[Black "Abraham, Renjish"]
[Result "0-1"]
[WhiteElo "1494"]
[BlackElo "1821"]
[PlyCount "113"]
[EventDate "2010.??.??"]

1. e4 c5 2. Nc3 a6 3. Nf3 b5 4. d4 cxd4 5. Nxd4 Bb7 6. Bd3 Nc6 7. Be3 e6 8. O-O
Be7 9. Qg4 g6 10. a3 Bf6 11. Nb3 d6 12. f4 Bg7 13. Qg3 Nf6 14. f5 O-O 15. fxg6
fxg6 16. Nd4 Qd7 17. Qh3 Nxd4 18. Bxd4 e5 19. Qxd7 Nxd7 20. Be3 Nf6 21. h3 d5
22. exd5 Nxd5 23. Nxd5 Bxd5 24. c3 Rab8 25. Bc5 Rxf1+ 26. Rxf1 Rc8 27. Bb4 e4
28. Be2 Bc4 29. Re1 Bd3 30. Bg4 Rc6 31. Bd7 Rc7 32. Be6+ Kh8 33. Bd5 Rc8 34.
Kf2 Re8 35. Bb7 Re6 36. Ke3 Bh6+ 37. Kd4 Bd2 38. Rd1 Bg5 39. Bd5 Re8 40. Re1
Rd8 41. Rxe4 Bxe4 42. Kxe4 Bf6 43. b3 Re8+ 44. Kd3 Kg7 45. c4 Rd8 46. Ke4 bxc4
47. bxc4 Re8+ 48. Kd3 Be7 49. Bc3+ Kf8 50. a4 Bc5 51. Bc6 Re3+ 52. Kd2 h5 53.
Bb4 Re5 54. Bc3 Rf5 55. Be4 Rf2+ 56. Kd3 g5 57. Be5 0-1

[Event "Mechanics' Peter Grey TNM; 30/90, SD/30"]
[Site "?"]
[Date "2010.09.28"]
[Round "9"]
[White "Cole, Tony"]
[Black "Hilliard, Michael"]
[Result "1-0"]
[WhiteElo "1494"]
[BlackElo "1417"]
[PlyCount "117"]
[EventDate "2010.09.28"]

1. e4 c6 2. Nc3 d5 3. d4 dxe4 4. Nxe4 Bf5 5. f3 e6 6. c3 Nd7 7. Be3 Ngf6 8. Bd3
Be7 9. Ne2 O-O 10. h4 Bg6 11. Qd2 Re8 12. O-O-O a5 13. g4 h6 14. g5 Nxe4 15.
fxe4 h5 16. e5 Bxd3 17. Qxd3 g6 18. Nf4 Kg7 19. Rdf1 b5 20. Rh2 Nb6 21. Rhf2
Rf8 22. Ne2 Nd5 23. Bd2 Rc8 24. Ng3 c5 25. Kb1 c4 26. Qf3 b4 27. Ne4 bxc3 28.
Bxc3 a4 29. Nf6 a3 30. Nxh5+ Kg8 31. Nf6+ Bxf6 32. gxf6 axb2 33. h5 Nxc3+ 34.
Qxc3 Rc7 35. hxg6 fxg6 36. Rg2 Kf7 37. Qc2 Rg8 38. Qxb2 Qd5 39. Qd2 Qb5+ 40.
Qb2 Qa6 41. Qc3 Rb8+ 42. Rb2 Rxb2+ 43. Kxb2 Rb7+ 44. Ka1 Rb3 45. Qc2 Rd3 46.
Qh2 Ke8 47. f7+ Kd7 48. f8=Q Rxd4 49. Qh7+ Kc6 50. Qe8+ Kc5 51. Qc7+ Kb4 52.
Qcb8+ Kc3 53. Qb2+ Kd3 54. Rf3+ Ke4 55. Qe2+ Kd5 56. Qd7+ Kc5 57. Qe3 Qa5 58.
Qexd4+ Kb4 59. Rb3# 1-0

[Event "Mechanics' Peter Grey TNM; 30/90, SD/30"]
[Site "San Francisco"]
[Date "2010.09.07"]
[Round "6.21"]
[White "Cole, Tony"]
[Black "Litowsky, Daniel"]
[Result "0-1"]
[WhiteElo "1494"]
[BlackElo "1700"]
[PlyCount "71"]
[EventDate "2010.??.??"]

1. e4 e5 2. Nf3 Nc6 3. Nc3 Nf6 4. Bc4 h6 5. d4 exd4 6. Nxd4 Ne5 7. Bb3 Bb4 8.
Bd2 O-O 9. Nd5 Bxd2+ 10. Qxd2 d6 11. Nxf6+ Qxf6 12. O-O-O a5 13. a3 b6 14. h4
a4 15. Ba2 Ra5 16. Bd5 Rc5 17. Qb4 Bd7 18. f3 Rb8 19. Rhf1 Qf4+ 20. Qd2 Qxh4
21. g3 Qf6 22. Qf4 Qxf4+ 23. gxf4 Ng6 24. f5 Ne7 25. f6 Nxd5 26. exd5 Rxd5 27.
fxg7 Rg5 28. f4 Rxg7 29. f5 Re8 30. f6 Rg5 31. Rh1 Kh7 32. -- Rf5 33. Rdf1
Rxf1+ 34. Rxf1 Re5 35. Rg1 Rg5 36. Re1 {remainder illegible} 0-1

[Event "Mechanics' Peter Grey TNM; 30/90, SD/30"]
[Site "San Francisco"]
[Date "2010.08.10"]
[Round "2.26"]
[White "Cowgill, Jackie"]
[Black "Krienke, Jason"]
[Result "0-1"]
[WhiteElo "902"]
[BlackElo "1592"]
[PlyCount "51"]
[EventDate "2010.??.??"]

1. e4 e5 2. Nf3 Nc6 3. Bb5 a6 4. Ba4 b5 5. Bb3 Nf6 6. O-O Bc5 7. d3 h6 8. Nc3
d6 9. a4 b4 10. Ne2 Bg4 11. Be3 Bxf3 12. Bxc5 Bxe2 13. Qxe2 dxc5 14. Qe3 Nd4
15. c3 Nxb3 16. Rab1 O-O 17. cxb4 cxb4 18. d4 Nxd4 19. Rfd1 Ng4 20. Qg3 Ne2+
21. Kf1 Nxg3+ 22. hxg3 Qf6 23. f3 Ne3+ 24. Kf2 Nxd1+ 25. Rxd1 Qb6+ 26. Ke2 0-1

[Event "Mechanics' Peter Grey TNM; 30/90, SD/30"]
[Site "San Francisco"]
[Date "2010.08.24"]
[Round "4.28"]
[White "Cowgill, Jackie"]
[Black "Olson, David"]
[Result "0-1"]
[WhiteElo "902"]
[BlackElo "1420"]
[PlyCount "71"]
[EventDate "2010.??.??"]

1. e4 e5 2. Nf3 Nc6 3. Bb5 d6 4. d4 Bg4 5. d5 a6 6. dxc6 axb5 7. cxb7 Rb8 8.
Qd5 Qd7 9. Nbd2 Nf6 10. Qd3 Be7 11. O-O c5 12. Nh4 c4 13. Nxc4 bxc4 14. Qxc4
Qxb7 15. Nf5 O-O 16. Nxe7+ Qxe7 17. b4 Rfc8 18. Qb3 Be6 19. Qb2 Nxe4 20. Be3
Nc3 21. Qa3 d5 22. Bc5 Nb5 23. Qb2 Qg5 24. a3 Bh3 25. g3 Bxf1 26. Rxf1 Ra8 27.
c4 dxc4 28. Qe2 Nxa3 29. Qd1 c3 30. Qd6 Rd8 31. Qc6 c2 32. b5 c1=Q 33. Rxc1
Qxc1+ 34. Kg2 Rac8 35. Qb6 Qxc5 36. Qb7 0-1

[Event "Mechanics' Peter Grey TNM; 30/90, SD/30"]
[Site "San Francisco"]
[Date "2010.08.31"]
[Round "5.9"]
[White "Delaney, Will"]
[Black "Grey, Peter"]
[Result "1-0"]
[WhiteElo "1838"]
[BlackElo "2017"]
[PlyCount "59"]
[EventDate "2010.??.??"]

1. d4 Nf6 2. Nf3 g6 3. c3 Bg7 4. Qc2 O-O 5. e4 d6 6. Be2 c5 7. dxc5 dxc5 8. Bf4
Nc6 9. Nbd2 a6 10. a4 b6 11. Rd1 Ra7 12. Nc4 Rd7 13. O-O Nh5 14. Be3 Rxd1 15.
Rxd1 Qc7 16. Qb3 Nf6 17. Qxb6 Qxb6 18. Nxb6 Nxe4 19. Nxc8 Rxc8 20. Bxa6 Rb8 21.
Bb5 Na7 22. Rd7 Nxb5 23. axb5 Bf8 24. c4 Ra8 25. g3 Ra2 26. b3 Rb2 27. Rd3 Nd6
28. Bxc5 Rb1+ 29. Kg2 Ne4 30. Be3 1-0

[Event "Mechanics' Peter Grey TNM; 30/90, SD/30"]
[Site "San Francisco"]
[Date "2010.08.17"]
[Round "3.8"]
[White "Delaney, Will"]
[Black "Manvelyan, Hovik"]
[Result "1-0"]
[WhiteElo "1838"]
[BlackElo "2009"]
[PlyCount "61"]
[EventDate "2010.??.??"]

1. d4 d5 2. Nf3 e6 3. c3 Bd6 4. Bg5 f6 5. Bh4 Ne7 6. Bg3 O-O 7. Nbd2 Nf5 8. Qc2
Nc6 9. O-O-O e5 10. e4 Nfe7 11. exd5 Nxd5 12. Nc4 exd4 13. Nxd6 cxd6 14. Nxd4
Ne5 15. Qb3 Qa5 16. Bb5 Kh8 17. Qxd5 a6 18. Bc4 Nxc4 19. Qxc4 Bg4 20. f3 Rac8
21. Qb3 Bh5 22. Ne6 Bf7 23. Rd5 Rc5 24. Rxc5 dxc5 25. Bc7 Bxe6 26. Bxa5 Bxb3
27. axb3 h6 28. Bb6 Rc8 29. Rd1 Kh7 30. Rd7 c4 31. b4 1-0

[Event "Mechanics' Peter Grey TNM; 30/90, SD/30"]
[Site "San Francisco"]
[Date "2010.09.07"]
[Round "6.5"]
[White "Delaney, Will"]
[Black "Wheeler, Cameron"]
[Result "0-1"]
[WhiteElo "1838"]
[BlackElo "1890"]
[PlyCount "62"]
[EventDate "2010.??.??"]

1. d4 d5 2. Nf3 Nf6 3. c3 e6 4. Bg5 c5 5. e3 Nc6 6. Nbd2 Be7 7. Bd3 O-O 8. O-O
b6 9. Ne5 Bb7 10. f4 h6 11. Bh4 Qc7 12. g4 Nxe5 13. fxe5 Ne4 14. Bxe7 Qxe7 15.
Nxe4 dxe4 16. Bc2 Qg5 17. Rf4 f5 18. Bb3 Rae8 19. dxc5 fxg4 20. Qxg4 Rxf4 21.
Qxg5 hxg5 22. exf4 gxf4 23. cxb6 axb6 24. Rd1 e3 25. Rd6 Rf8 26. Bxe6+ Kh8 27.
Bd5 f3 28. Bc4 f2+ 29. Kf1 Rf4 30. Bd3 Be4 31. Bxe4 e2+ 0-1

[Event "Mechanics' Peter Grey TNM; 30/90, SD/30"]
[Site "San Francisco"]
[Date "2010.08.24"]
[Round "4.14"]
[White "Dembling, Arthur"]
[Black "Chen, Mingson"]
[Result "1/2-1/2"]
[WhiteElo "1738"]
[BlackElo "1911"]
[PlyCount "74"]
[EventDate "2010.??.??"]

1. e4 c5 2. Nf3 e6 3. d4 cxd4 4. Nxd4 a6 5. Nc3 Qc7 6. Bd3 b5 7. Be3 Bb7 8. O-O
Ne7 9. Qd2 Nec6 10. Nde2 d6 11. f4 Nd7 12. Rac1 Be7 13. Ng3 h5 14. h3 h4 15.
Nh1 g6 16. Nf2 f5 17. Ne2 Qa5 18. Qxa5 Nxa5 19. Nd4 Kf7 20. Nf3 Nc4 21. Bd4
Rhc8 22. Ng5+ Bxg5 23. fxg5 e5 24. Bc3 f4 25. Ng4 Ke6 26. Nf6 Ne3 27. Rf2 Nxf6
28. gxf6 Rf8 29. Bd2 Rxf6 30. Bxe3 fxe3 31. Rxf6+ Kxf6 32. Re1 Rf8 33. Rxe3 Kg5
34. Be2 Rc8 35. c3 Rc7 36. Bf3 Kf4 37. Kf2 Rd7 1/2-1/2

[Event "Mechanics' Peter Grey TNM; 30/90, SD/30"]
[Site "San Francisco"]
[Date "2010.08.03"]
[Round "1.3"]
[White "Dembling, Arthur"]
[Black "Fuentes, Romulo"]
[Result "0-1"]
[WhiteElo "1738"]
[BlackElo "2237"]
[PlyCount "84"]
[EventDate "2010.??.??"]

1. e4 c5 2. Nf3 d6 3. Bb5+ Nc6 4. O-O Bd7 5. Re1 Nf6 6. h3 e6 7. Nc3 Be7 8. d4
cxd4 9. Nxd4 Qc7 10. Bf1 a6 11. Be3 b5 12. Bd3 O-O 13. Nf3 Ne5 14. Nxe5 dxe5
15. Bg5 Bc6 16. Qf3 h6 17. Bh4 Nh7 18. Qh5 Bb4 19. Re3 Bxc3 20. bxc3 Be8 21.
Bg3 f5 22. Qe2 f4 23. Rf3 Bh5 24. Bh2 Ng5 25. g4 Nxf3+ 26. Qxf3 Qxc3 27. Rb1
Bg6 28. Rb3 Qc6 29. Qe2 Rfd8 30. f3 Rd4 31. Kg2 Be8 32. Bg1 Ra4 33. a3 Rc8 34.
Qd2 Qd6 35. Qc1 a5 36. Qb2 b4 37. axb4 axb4 38. Bf2 Rca8 39. Qc1 Ra3 40. Qb2
Ra2 41. Qc1 R8a3 42. Qe1 Rxb3 0-1

[Event "Mechanics' Peter Grey TNM; 30/90, SD/30"]
[Site "San Francisco"]
[Date "2010.09.14"]
[Round "7.15"]
[White "Dembling, Arthur"]
[Black "Ochoa, Jason"]
[Result "1/2-1/2"]
[WhiteElo "1738"]
[BlackElo "1900"]
[PlyCount "142"]
[EventDate "2010.??.??"]

1. e4 Nc6 2. d4 e5 3. d5 Nce7 4. Nf3 Ng6 5. h4 Bb4+ 6. c3 Bc5 7. h5 Nf8 8. Bg5
Nf6 9. Bd3 d6 10. Nbd2 Bg4 11. Qa4+ N8d7 12. Qb3 h6 13. Bh4 O-O 14. Qc2 a5 15.
Nc4 Bxh5 16. O-O-O b5 17. Ne3 b4 18. Nf5 bxc3 19. Qxc3 Bb4 20. Qc2 Qb8 21. Ne7+
Kh7 22. Nc6 Qb6 23. Rdf1 Rfe8 24. Nfd4 g6 25. Ne2 Qc5 26. Ng3 Kg7 27. Qxc5 Nxc5
28. Bxf6+ Kxf6 29. Nxh5+ gxh5 30. Bc2 Nd7 31. Rxh5 Rh8 32. Rfh1 Bc5 33. Kd1 a4
34. a3 Nb6 35. Bd3 Rag8 36. g3 Rg6 37. Ke2 Kg7 38. Ne7 Bd4 39. Nf5+ Kf6 40.
Nxd4 exd4 41. e5+ dxe5 42. Bxg6 fxg6 43. Rxh6 Rxh6 44. Rxh6 Nxd5 45. Kd3 c5 46.
Ke4 Ne7 47. Rh1 Nc8 48. Rc1 c4 49. Kd5 Kf5 50. Kxc4 Nd6+ 51. Kd3 Ne4 52. Rc2 g5
53. Ke2 Nd6 54. Rc6 Ne4 55. Rc4 g4 56. Rxa4 d3+ 57. Kxd3 Nc5+ 58. Kc4 Nxa4 59.
b4 Ke6 60. b5 Kd6 61. Kb4 Nb6 62. a4 Kc7 63. a5 Nd5+ 64. Kc5 Nf6 65. b6+ Kb7
66. Kb5 Nd5 67. a6+ Kb8 68. Kc5 Ne7 69. Kd6 Nc8+ 70. Kc6 Ne7+ 71. Kd7 Nd5
1/2-1/2

[Event "Mechanics' Peter Grey TNM; 30/90, SD/30"]
[Site "San Francisco"]
[Date "2010.08.31"]
[Round "5.14"]
[White "Dembling, Arthur"]
[Black "Sanguinetti, George"]
[Result "0-1"]
[WhiteElo "1738"]
[BlackElo "1940"]
[PlyCount "116"]
[EventDate "2010.??.??"]

1. e4 g6 2. d4 d6 3. Nc3 c6 4. Be3 Bg7 5. Nf3 Nd7 6. Qd2 a5 7. Be2 Qc7 8. O-O
Ngf6 9. Rfe1 O-O 10. Bh6 b5 11. Bxg7 Kxg7 12. Bd3 e5 13. Rad1 Re8 14. Ne2 Rb8
15. c3 c5 16. Ng3 Nf8 17. Rc1 Ne6 18. Ne2 c4 19. Bb1 Bb7 20. d5 Nc5 21. Ng3 h6
22. h3 Rh8 23. Re3 Rbg8 24. Rce1 a4 25. Nh4 Bc8 26. Rf3 Nh7 27. Rfe3 Qe7 28.
Nf3 Kf8 29. Nh2 Ke8 30. Ng4 Bxg4 31. hxg4 Qh4 32. Qe2 Nf6 33. Nf1 Qxg4 34. Qd2
Nh5 35. Nh2 Qd7 36. Rf3 Nf4 37. Rxf4 exf4 38. e5 g5 39. Qd4 Kd8 40. exd6 Qxd6
41. Nf3 f6 42. Bf5 Re8 43. Kf1 Rxe1+ 44. Kxe1 Re8+ 45. Kf1 h5 46. Ne1 Re5 47.
Be6 Nxe6 48. dxe6 Qxd4 49. cxd4 Rxe6 50. Nc2 Kc7 51. Nb4 Kb6 52. Nd5+ Ka5 53.
a3 Rd6 54. Nb4 Kb6 55. Nc2 Kc6 56. Nb4+ Kd7 57. Nc2 Re6 58. Nb4 Kd6 0-1

[Event "Mechanics' Peter Grey TNM; 30/90, SD/30"]
[Site "San Francisco"]
[Date "2010.08.10"]
[Round "2.23"]
[White "Frank, Robert"]
[Black "Litowsky, Daniel"]
[Result "0-1"]
[WhiteElo "1353"]
[BlackElo "1700"]
[PlyCount "77"]
[EventDate "2010.??.??"]

1. d4 d5 2. Nf3 Nc6 3. e3 Nf6 4. c4 e6 5. Nc3 g6 6. c5 Bg7 7. Bb5 a6 8. Ba4 O-O
9. O-O Bd7 10. Re1 Ne7 11. e4 Bxa4 12. Nxa4 Nxe4 13. Nc3 Nxc3 14. bxc3 Nf5 15.
Rb1 Rb8 16. Bf4 Qd7 17. a4 b6 18. cxb6 Rxb6 19. Rxb6 cxb6 20. Be5 Bxe5 21. Nxe5
Qc7 22. Qb3 Rc8 23. Rc1 Nxd4 24. Qd1 Qxe5 25. cxd4 Rxc1 26. Qxc1 Qxd4 27. Qc8+
Kg7 28. Qxa6 Qd1+ 29. Qf1 Qxa4 30. Qe1 Qe4 31. Kf1 Qxe1+ 32. Kxe1 Kf6 33. Kd2
Ke5 34. Kd3 f6 35. g3 b5 36. f4+ Kd6 37. Kd4 b4 38. h3 h6 39. g4 {
W resigned after a few more moves} 0-1

[Event "Mechanics' Peter Grey TNM; 30/90, SD/30"]
[Site "San Francisco"]
[Date "2010.09.07"]
[Round "6.27"]
[White "Frank, Robert"]
[Black "Poon, Brunston"]
[Result "1/2-1/2"]
[WhiteElo "1353"]
[BlackElo "1018"]
[PlyCount "88"]
[EventDate "2010.??.??"]

1. d4 d5 2. Nf3 Nf6 3. e3 c6 4. Bd3 Nbd7 5. Nbd2 Qc7 6. O-O e6 7. e4 dxe4 8.
Nxe4 Be7 9. c4 O-O 10. Bd2 c5 11. Bc3 b6 12. dxc5 bxc5 13. Qc2 Bb7 14. Nxf6+
Nxf6 15. Bxf6 Bxf6 16. Bxh7+ Kh8 17. Bd3 Bxf3 18. gxf3 Qf4 19. Qc1 Qxf3 20. Qe3
Qxe3 21. fxe3 Bxb2 22. Rab1 Bf6 23. Rb7 Kg8 24. Rc7 Bg5 25. Kf2 Rfc8 26. Rb7
Rd8 27. Ke2 Bf6 28. h4 a6 29. h5 Rdb8 30. Rb3 Rxb3 31. axb3 Bg5 32. Ra1 Bf6 33.
Rg1 Kf8 34. Rh1 Bg5 35. e4 a5 36. Bc2 Ke7 37. Kf3 Kf6 38. Kg4 e5 39. Rd1 Bf4
40. Rd6+ Ke7 41. Rc6 Be3 42. Kf5 Bd4 43. Rc7+ Ke8 44. Kg5 Be3+ 1/2-1/2

[Event "Mechanics' Peter Grey TNM; 30/90, SD/30"]
[Site "San Francisco"]
[Date "2010.08.31"]
[Round "5.1"]
[White "Fuentes, Romulo"]
[Black "Lee, Andy"]
[Result "1/2-1/2"]
[WhiteElo "2237"]
[BlackElo "2324"]
[PlyCount "63"]
[EventDate "2010.??.??"]

1. e4 e5 2. Nf3 Nc6 3. d4 exd4 4. Bc4 Nf6 5. e5 d5 6. Bb5 Ne4 7. Nxd4 Bc5 8.
Be3 Bd7 9. Bxc6 bxc6 10. O-O Bb6 11. f3 Ng5 12. f4 Ne4 13. Nd2 Nxd2 14. Qxd2 c5
15. Nf3 d4 16. Bf2 Bc6 17. Bh4 Qd7 18. f5 Qxf5 19. Nxd4 Qd7 20. Nf3 c4+ 21. Kh1
Qxd2 22. Nxd2 Bd5 23. c3 g5 24. Bf2 O-O-O 25. Bxb6 axb6 26. Nf3 g4 27. Ng5 Rde8
28. Nxf7 Rhf8 29. e6 Bxe6 30. Ne5 Rd8 31. Rxf8 Rxf8 32. Kg1 1/2-1/2

[Event "Mechanics' Peter Grey TNM; 30/90, SD/30"]
[Site "San Francisco"]
[Date "2010.09.28"]
[Round "9.2"]
[White "Fuentes, Romulo"]
[Black "Manvelyan, Hayk"]
[Result "1-0"]
[WhiteElo "2237"]
[BlackElo "2151"]
[PlyCount "81"]
[EventDate "2010.??.??"]

1. e4 e6 2. d4 d5 3. Nc3 Bb4 4. e5 c5 5. Bd2 Ne7 6. Nb5 Bxd2+ 7. Qxd2 O-O 8. c3
Nbc6 9. f4 a6 10. Nd6 c4 11. Nf3 Nf5 12. Nxf5 exf5 13. g3 Be6 14. Bg2 b5 15. h4
Rb8 16. h5 b4 17. Kf2 bxc3 18. bxc3 Qa5 19. Nh4 Rb5 20. Rhb1 Nxd4 21. Rd1 Nc6
22. g4 Qb6+ 23. Kg3 Ne7 24. gxf5 Bxf5 25. Qd4 Qxd4 26. Rxd4 Bd3 27. Rd1 Rd8 28.
Bf1 Nc6 29. R4xd3 cxd3 30. Nf5 Ra5 31. Rxd3 Rxa2 32. Bg2 g6 33. hxg6 hxg6 34.
Nd6 Ne7 35. Bxd5 Nxd5 36. Rxd5 Ra3 37. Rc5 a5 38. Rc7 Rf8 39. Kg4 a4 40. Kg5
Kh8 41. Ra7 {remainder illegible} 1-0